Homenagem poética à Gomes Leal; no primeiro centenário do seu nascimento.

Saved in:
Bibliographic Details
Other Authors: Duarte, Afonso.
Format: Book
Language:Portuguese
Published: Coimbra [Casa Minerva] 1948.
Subjects:
Tags: Add Tag
No Tags, Be the first to tag this record!
LEADER 00620nam a2200193I 4500
001 003123722-3
005 20020606093309.7
008 730124s1948 xx 000 0 por d
035 0 |a ocm00545886 
040 |a OSU  |c OSU  |d m/c  |d HLS 
090 |a PQ9261.G64  |b Z8 H6 
245 0 0 |a Homenagem poética à Gomes Leal;  |b no primeiro centenário do seu nascimento.  |c Colaborac̜ão de Afonso Duarte [et al.] 
260 |a Coimbra  |b [Casa Minerva]  |c 1948. 
300 |a 126 p.  |c 19 cm. 
500 |a Poems. 
600 1 0 |a Leal, Gomes,  |d 1849-1921. 
700 1 |a Duarte, Afonso.  |t Homenagem poética à Gomes Leal. 
988 |a 20020608 
906 |0 OCLC